00566nam a2200241Ia 4500003000400000005001700004008004100021020001800062040000800080041001200088082001100100082001100111100002000122100002300142100001100165245005400176260001400230260001200244260000900256300001500265365002500280650001900305OSt20220303130753.0150901s9999 xx 000 0 und d a9789327225990 cDDC aEnglish a631.53 bKAR/SE aGunasekaran M  aVindhiyavarman P  eAuthor aParticipatory plant breeding theory and practices aNew Delhi bKalyani c2012 a185 Pages aRs.140/-  aPlant breeding